[Event "Flint (MI Jr Spon/3)"]
[Site "?"]
[Date "1996.??.??"]
[Round "?"]
[White "Gaiefsky, Mike"]
[Black "Croel, Duane"]
[Result "1-0"]
[WhiteElo "1875"]
[BlackElo "1820"]
[PlyCount "106"]
[EventDate "1996.??.??"]

1. d4 Nf6 2. c4 g6 3. Nc3 d5 4. e3 Bg7 5. Nf3 O-O 6. Bd3 dxc4 7. Bxc4 c5 8. Qb3
Nc6 9. Ng5 e6 10. dxc5 Na5 11. Qa4 Nxc4 12. Qxc4 Nd5 13. Nge4 Nxc3 14. Nxc3 Qg5
15. g3 Bd7 16. h4 Qh5 17. g4 Bxc3+ 18. bxc3 Qd5 19. Qxd5 exd5 20. f3 Bc6 21.
Kf2 Rfe8 22. Bd2 Re7 23. Rag1 Rae8 24. g5 Bb5 25. h5 Rc8 26. Bc1 Rce8 27. Re1
Bc6 28. Rh4 Re5 29. hxg6 fxg6 30. Rd1 Rxg5 31. e4 Rge5 32. Bf4 dxe4 33. Bxe5
Rxe5 34. fxe4 Rxe4 35. Rxe4 Bxe4 36. Rd7 Bc6 37. Re7 h5 38. a4 h4 39. a5 a6 40.
Kg1 h3 41. Kh2 Bg2 42. c6 Bxc6 43. Kxh3 Kf8 44. Rc7 Be4 45. Kh4 Ke8 46. Kg5 Kd8
47. Rg7 Kc8 48. Kf6 Bf5 49. Ke5 Kb8 50. Kd6 Be4 51. Kc5 Ka7 52. Kd6 Bc6 53.
Rxg6 Bh1 1-0

[Event "Ann Arbor (Mini-Swiss/1/2)"]
[Site "?"]
[Date "1996.??.??"]
[Round "?"]
[White "Gaiefsky, Mike"]
[Black "Chobanyan, Sergei"]
[Result "0-1"]
[WhiteElo "1865"]
[BlackElo "2260"]
[PlyCount "107"]
[EventDate "1996.??.??"]

{1/(2)} 1. d4 Nf6 2. c4 e5 3. dxe5 Ng4 4. Nf3 Bc5 5. e3 Nc6 6. Be2 Ngxe5 7. O-O
O-O 8. Nbd2 a5 9. a3 Re8 10. Qc2 Ra6 11. b3 Ng4 12. Ne4 b6 13. h3 Nge5 14. Nfg5
h6 15. Nxc5 bxc5 16. Qh7+ Kf8 17. Qh8+ Ke7 18. Qxg7 Rg8 19. Qxh6 Nd4 20. Qh5
Rh8 21. exd4 Rxh5 22. Bxh5 Ng6 23. Nh7 Qg8 24. Re1+ Re6 25. Bg5+ Kd6 26. dxc5+
Kxc5 27. b4+ Kb6 28. Nf6 Qh8 29. Nd5+ Ka7 30. Bf3 Ne5 31. Be3+ Kb8 32. Be4 Nxc4
33. Bf3 Nxe3 34. Nxe3 axb4 35. axb4 Bb7 36. Bxb7 Kxb7 37. b5 Qe5 38. Rec1 d5
39. Nc2 Qf4 40. g3 Qe4 41. Ne3 d4 42. Nc4 d3 43. Na5+ Kc8 44. Nc6 Kd7 45. Ra8
Re8 46. Ra2 Qd5 47. Nb4 Qxb5 48. Na6 Re2 49. Nc5+ Kd6 50. Rxe2 dxe2 51. Ne4+
Ke5 52. Nc3 Qd3 53. f4+ Kd6 54. Kf2 0-1

[Event "Detroit (Class A/3/6)"]
[Site "?"]
[Date "1996.??.??"]
[Round "?"]
[White "Gaiefsky, Mike"]
[Black "Ashton, Jeff"]
[Result "1-0"]
[WhiteElo "1840"]
[BlackElo "1855"]
[PlyCount "45"]
[EventDate "1996.??.??"]

{3/(6)} 1. d4 d5 2. Nf3 Nf6 3. Bg5 Ne4 4. Bf4 Bf5 5. Nbd2 e6 6. Nxe4 dxe4 7.
Ne5 Bd6 8. Qd2 f6 9. Nc4 Bxf4 10. Qxf4 b5 11. Nd2 Qxd4 12. Qxc7 O-O 13. e3 Qxb2
14. Rb1 Qxa2 15. Bxb5 Qd5 16. O-O Rd8 17. Rfd1 Bg4 18. f3 Bh5 19. Nxe4 Qxd1+
20. Rxd1 Rxd1+ 21. Kf2 Na6 22. Bxa6 Rad8 23. Bd3 1-0

[Event "Detroit (Class DE/4/9)"]
[Site "?"]
[Date "1996.??.??"]
[Round "?"]
[White "Gaiefsky, Joey"]
[Black "Poniatowski, Don"]
[Result "1/2-1/2"]
[WhiteElo "1605"]
[BlackElo "1605"]
[PlyCount "39"]
[EventDate "1996.??.??"]

{4/(9)} 1. e4 Nf6 2. Nc3 d5 3. exd5 Nxd5 4. Nxd5 Qxd5 5. Nf3 e5 6. d4 Bg4 7.
Be2 Nc6 8. Nxe5 Bxe2 9. Qxe2 Nxd4 10. c4 Nxe2 11. cxd5 Nxc1 12. Rxc1 Bd6 13.
Nc4 O-O 14. O-O Rfe8 15. Nxd6 cxd6 16. Rfe1 Kf8 17. g3 Rxe1+ 18. Rxe1 Re8 19.
Rxe8+ Kxe8 20. f4 1/2-1/2

[Event "Detroit (Class DE/2/5)"]
[Site "?"]
[Date "1996.??.??"]
[Round "?"]
[White "Gaiefsky, Joey"]
[Black "Davey, Scott"]
[Result "0-1"]
[WhiteElo "1605"]
[BlackElo "1605"]
[PlyCount "120"]
[EventDate "1996.??.??"]

{2/(5)} 1. e4 e5 2. Nf3 Nc6 3. Bc4 Nf6 4. Nc3 Nxe4 5. Nxe4 d5 6. Bxd5 Qxd5 7.
Nc3 Qd8 8. d3 Bg4 9. h3 Be6 10. Be3 Be7 11. Qd2 f6 12. O-O-O Qd7 13. Rhe1 O-O-O
14. d4 exd4 15. Nxd4 Bf7 16. Nxc6 Qxc6 17. Qe2 Qxg2 18. Bxa7 Bd6 19. Be3 Qxh3
20. Rh1 Qf5 21. Nb5 Bf4 22. Kb1 Bxe3 23. fxe3 Rxd1+ 24. Rxd1 Qe6 25. b3 Qb6 26.
Na7+ Kb8 27. Nb5 h5 28. a4 h4 29. Qd3 Rc8 30. Qd7 Be8 31. Qd3 Bxb5 32. Qxb5
Qxb5 33. axb5 Re8 34. Re1 g5 35. Kc1 Kc8 36. Kd2 Re5 37. c4 Kd7 38. Ke2 Kd6 39.
b4 b6 40. Kd3 g4 41. Kd4 g3 42. c5+ bxc5+ 43. bxc5+ Rxc5 44. Ke4 Rxb5 45. Kf4
Rb2 46. Kg4 Rh2 47. Kf3 f5 48. Rd1+ Ke5 49. Rf1 Rf2+ 50. Rxf2 gxf2 51. Kxf2 Ke4
52. Ke2 h3 53. Kf2 h2 54. Kg2 Kxe3 55. Kxh2 f4 56. Kg2 Ke2 57. Kh2 f3 58. Kg1
f2+ 59. Kh2 f1=Q 60. Kg3 Qf3+ 0-1

[Event "Ann Arbor (Mini-Swiss/1)"]
[Site "?"]
[Date "1996.??.??"]
[Round "?"]
[White "Gaiefsky, Joey"]
[Black "Alliston, Richard"]
[Result "0-1"]
[WhiteElo "1605"]
[BlackElo "1605"]
[PlyCount "58"]
[EventDate "1996.??.??"]

1. e4 e5 2. Nf3 d6 3. Nc3 Nf6 4. d4 exd4 5. Nxd4 Bd7 6. Bc4 Nc6 7. Be3 a6 8. a4
Be7 9. O-O O-O 10. f3 Ne5 11. Ba2 c6 12. b4 Qc7 13. b5 c5 14. Nde2 b6 15. Nf4
axb5 16. axb5 Rfe8 17. Ncd5 Qb8 18. Nxe7+ Rxe7 19. Nd5 Nxd5 20. Bxd5 Rxa1 21.
Qxa1 Bxb5 22. Qa8 Qxa8 23. Bxa8 Bxf1 24. Kxf1 Ra7 25. Bd5 Kf8 26. Ke2 Ke7 27.
f4 Ng4 28. Bg1 Nf6 29. Bb3 Nxe4 0-1

[Event "Ann Arbor (Fall Open/3/13)"]
[Site "?"]
[Date "1996.??.??"]
[Round "?"]
[White "Gabbard, Keith"]
[Black "Haddad, Wade"]
[Result "0-1"]
[WhiteElo "1605"]
[BlackElo "1605"]
[PlyCount "46"]
[EventDate "1996.??.??"]

{3/(13)} 1. f4 Nf6 2. Nf3 d5 3. e3 Bg4 4. Nc3 g6 5. b3 Bg7 6. Bb2 O-O 7. Be2 c6
8. O-O Re8 9. Nb1 Nbd7 10. d3 Nb6 11. Nbd2 Nbd7 12. Qe1 Nc5 13. Rd1 Qb6 14. Bd4
Qa5 15. Rb1 Ne6 16. Bb2 Qxa2 17. Qc1 Qa5 18. b4 Qb6 19. c4 Nxf4 20. c5 Nxe2+
21. Kh1 Nxc1 22. cxb6 Nxd3 23. bxa7 Nxb2 0-1

[Event "Ann Arbor (Fall Open/2/11)"]
[Site "?"]
[Date "1996.??.??"]
[Round "?"]
[White "Gabbard, Keith"]
[Black "Frantz, John W"]
[Result "0-1"]
[WhiteElo "1605"]
[BlackElo "1605"]
[PlyCount "75"]
[EventDate "1996.??.??"]

{2/(11)} 1. f4 d5 2. Nf3 c5 3. e3 c4 4. d3 b5 5. a4 Bd7 6. Nc3 e6 7. axb5 Bb4
8. Bd2 Bxc3 9. Bxc3 Nf6 10. dxc4 O-O 11. Bd4 Qc7 12. b6 Qb7 13. bxa7 Nc6 14.
cxd5 Nxd5 15. Ba6 Qc7 16. Bc5 Rfd8 17. Ne5 Nxa7 18. Nxd7 Rxd7 19. Bd4 Nxe3 20.
Qd2 Nxc2+ 21. Kf2 Rxd4 22. Qc1 Rxf4+ 23. Ke2 Rd8 24. Ra5 Nd4+ 25. Ke3 Nac6 26.
Rc5 Nf5+ 27. Ke2 Ncd4+ 28. Ke1 Re4+ 29. Kf2 Qf4+ 30. Qxf4 Rxf4+ 31. Ke1 h6 32.
h3 Re4+ 33. Kf2 Re2+ 34. Kg1 Rxb2 35. Kh2 Nb3 36. Rb5 Rdd2 37. Bb7 Ne3 38. Be4
0-1

[Event "Eastpointe (EDO/2/2)"]
[Site "?"]
[Date "1996.??.??"]
[Round "?"]
[White "Gabbara, Faris"]
[Black "Scott, Steven"]
[Result "1-0"]
[WhiteElo "2200"]
[BlackElo "1805"]
[PlyCount "57"]
[EventDate "1996.??.??"]

{2/(2)} 1. e4 c5 2. Nf3 d6 3. d4 cxd4 4. Nxd4 Nf6 5. Nc3 a6 6. a4 e6 7. Be3 Nc6
8. Be2 Be7 9. O-O Bd7 10. f4 O-O 11. Kh1 Nxd4 12. Bxd4 Bc6 13. Bd3 Qd7 14. Qe2
Rfd8 15. Bb6 Re8 16. a5 Bd8 17. Be3 Be7 18. e5 Nd5 19. Nxd5 Bxd5 20. c4 Bc6 21.
Rad1 d5 22. f5 f6 23. Bd4 fxe5 24. Bxe5 Bf6 25. Bxf6 gxf6 26. fxe6 Qxe6 27.
Qxe6+ Rxe6 28. cxd5 Bxd5 29. Bf5 1-0

[Event "Cadillac Open/4/6"]
[Site "?"]
[Date "1996.??.??"]
[Round "?"]
[White "Gabbara, Faris"]
[Black "Kulbacki, James"]
[Result "0-1"]
[WhiteElo "2200"]
[BlackElo "1915"]
[PlyCount "66"]
[EventDate "1996.??.??"]

{4/6} 1. e4 e6 2. d4 d5 3. Nd2 Nf6 4. e5 Nfd7 5. Bd3 c5 6. c3 b6 7. Qe2 Nc6 8.
Ndf3 cxd4 9. cxd4 Nb4 10. Bb1 Ba6 11. Qd2 Rc8 12. a3 Nc6 13. b4 Qc7 14. Bb2 Bc4
15. Bd3 Bxd3 16. Qxd3 Bxb4+ 17. Ke2 Be7 18. Rc1 Qb7 19. Nh3 Na5 20. Rxc8+ Qxc8
21. Rc1 Nc4 22. Nhg5 h6 23. Nxe6 fxe6 24. Qg6+ Kd8 25. Qxe6 Qa6 26. Bc3 Ncxe5+
27. Kd1 Nxf3 28. gxf3 Qd3+ 29. Ke1 Bxa3 30. Rd1 Qxc3+ 31. Kf1 Qxf3 32. Re1 Qh1+
33. Ke2 Qe4+ 0-1

[Event "Detroit (MEX/4/3)"]
[Site "?"]
[Date "1996.??.??"]
[Round "?"]
[White "Gabbara, Faris"]
[Black "Everett, Morgan"]
[Result "1/2-1/2"]
[WhiteElo "2200"]
[BlackElo "2140"]
[PlyCount "105"]
[EventDate "1996.??.??"]

{4/(3)} 1. d4 Nf6 2. Nf3 e6 3. g3 d5 4. Bg2 Nbd7 5. O-O Be7 6. c4 b6 7. Nc3 O-O
8. Bf4 Bb7 9. cxd5 Nxd5 10. Nxd5 exd5 11. Rc1 c5 12. Qa4 Nf6 13. Rfd1 Re8 14.
dxc5 Bxc5 15. e3 Qe7 16. Nd4 a5 17. Bg5 h6 18. Bxf6 Qxf6 19. Nb3 Bc6 20. Qf4
Qxf4 21. gxf4 Ba4 22. Bxd5 Rac8 23. Kg2 Be7 24. Rxc8 Rxc8 25. Rc1 Rxc1 26. Nxc1
Bf6 27. b3 Bb5 28. Bc4 Bc6+ 29. f3 b5 30. Bd3 a4 31. bxa4 bxa4 32. Bc4 Kf8 33.
Nd3 Bc3 34. Kf2 Ke7 35. Ke2 f6 36. Nc5 Kd6 37. Ne6 g6 38. Kd3 Bb2 39. e4 a3 40.
Nd4 Bc1 41. Ne2 Bb2 42. Bf7 Bb5+ 43. Bc4 Bc6 44. h4 Kc5 45. Ng3 Ba4 46. Nf1 Bd4
47. Nd2 Bb2 48. Nb3+ Bxb3 49. Bxb3 g5 50. fxg5 fxg5 51. h5 Be5 52. Bf7 Kb4 53.
Ke2 1/2-1/2

[Event "Cadillac Open/2/5"]
[Site "?"]
[Date "1996.??.??"]
[Round "?"]
[White "Gabbara, Faris"]
[Black "Croel, Duane"]
[Result "1-0"]
[WhiteElo "2200"]
[BlackElo "1835"]
[PlyCount "123"]
[EventDate "1996.??.??"]

{2/5} 1. e4 c5 2. Nf3 d6 3. d4 cxd4 4. Nxd4 Nf6 5. Nc3 g6 6. f3 Bg7 7. Be3 O-O
8. Qd2 Nc6 9. Be2 Bd7 10. O-O Rc8 11. Kh1 Ne5 12. Rad1 Nc4 13. Bxc4 Rxc4 14. b3
Rc8 15. Nce2 e5 16. c4 exd4 17. Bxd4 Qc7 18. c5 Bb5 19. cxd6 Qc2 20. Rfe1 Qxd2
21. Rxd2 Bxe2 22. Rdxe2 Nd7 23. e5 Rfe8 24. f4 b6 25. g4 Rc6 26. Bb2 Nf8 27. f5
Bh6 28. Rd1 Rd8 29. e6 fxe6 30. fxe6 Nxe6 31. Rxe6 Rc2 32. Bf6 Kf7 33. Bxd8
Kxe6 34. g5 Bf8 35. d7 Bd6 36. Bxb6 Kxd7 37. Bxa7 Rxh2+ 38. Kg1 Rxa2 39. Bc5
Ra6 40. Kf2 Ke6 41. Bd4 Bf4 42. Rh1 Rd6 43. Bf6 Rd7 44. Ra1 Rb7 45. Kf3 Bd6 46.
Rb1 Kf5 47. Ke2 Bf4 48. b4 Bxg5 49. Rf1+ Bf4 50. Bc3 Ke4 51. Rb1 Rc7 52. Rb3 h5
53. b5 Rb7 54. Rb4+ Kf5 55. b6 h4 56. Kf3 g5 57. Rb5+ Ke6 58. Kg4 Be3 59. Re5+
Kd6 60. Rxe3 Rxb6 61. Kxg5 Rb3 62. Be5+ 1-0

[Event "Detroit (MEX/2/8)"]
[Site "?"]
[Date "1996.??.??"]
[Round "?"]
[White "Gabbara, Faris"]
[Black "Chehayeb, Sal"]
[Result "1-0"]
[WhiteElo "2200"]
[BlackElo "2070"]
[PlyCount "79"]
[EventDate "1996.??.??"]

{2/(8)} 1. d4 Nf6 2. Nf3 g6 3. c4 Bg7 4. Nc3 O-O 5. e4 d6 6. Be2 Nc6 7. O-O e5
8. d5 Ne7 9. Bg5 h6 10. Bh4 g5 11. Bg3 Ng6 12. Ne1 Nf4 13. Rc1 Ne8 14. Nc2 f5
15. Bxf4 exf4 16. exf5 Bxf5 17. Nd4 Bxd4 18. Qxd4 Qf6 19. Qd2 Qg7 20. Nb5 Nf6
21. f3 Nd7 22. Nxc7 Rac8 23. Nb5 Qe5 24. Rfe1 a6 25. Bd3 axb5 26. Rxe5 Nxe5 27.
Bxf5 Rxf5 28. cxb5 Re8 29. h3 Nf7 30. Rc7 Rfe5 31. Kf2 h5 32. Rxb7 Nh6 33. Rc7
Nf5 34. Qd3 Re1 35. Rc8 Rxc8 36. Kxe1 Re8+ 37. Kd2 Re5 38. b6 Ng7 39. b7 Re8
40. Qa6 1-0

[Event "Cadillac Open/4/1"]
[Site "?"]
[Date "1996.??.??"]
[Round "?"]
[White "Fuller, William"]
[Black "Zaremba, Andrei"]
[Result "0-1"]
[WhiteElo "2160"]
[BlackElo "2250"]
[PlyCount "98"]
[EventDate "1996.??.??"]

{4/1} 1. e4 c5 2. d3 Nc6 3. g3 g6 4. Bg2 Bg7 5. Nf3 e6 6. O-O Nge7 7. Re1 O-O
8. c3 d5 9. e5 b6 10. Bf4 Ba6 11. a4 Qc7 12. Na3 c4 13. d4 Na5 14. Nc2 Nb3 15.
Ra2 b5 16. axb5 Bxb5 17. Na1 a5 18. Nxb3 cxb3 19. Ra3 a4 20. Qd2 Nc6 21. Bh6
Na5 22. Bxg7 Kxg7 23. Qf4 Nc4 24. h4 Nxa3 25. h5 Qe7 26. bxa3 h6 27. Qg4 Bd3
28. hxg6 fxg6 29. Nd2 Bf5 30. Qe2 Qxa3 31. g4 Bc2 32. c4 Qb4 33. cxd5 Qxd4 34.
dxe6 Rae8 35. Nf3 Qd3 36. Qxd3 Bxd3 37. Nd2 Rxe6 38. Bd5 Rb6 39. e6 b2 40. Ba2
Re8 41. f4 Rb4 42. Kf2 a3 43. Kf3 Rb6 44. Kg3 Kf6 45. Nb1 Rexe6 46. g5+ hxg5
47. fxg5+ Kxg5 48. Rd1 Bxb1 49. Bxb1 Rec6 0-1

[Event "Howell (US Am N/2/6)"]
[Site "?"]
[Date "1996.??.??"]
[Round "?"]
[White "Fuller, William"]
[Black "Walquist, Elaine"]
[Result "1-0"]
[WhiteElo "2040"]
[BlackElo "1750"]
[PlyCount "61"]
[EventDate "1996.??.??"]

{2/(6)} 1. d4 Nf6 2. c4 c5 3. d5 b5 4. cxb5 a6 5. f3 d6 6. e4 g6 7. Nc3 Bg7 8.
Bd3 O-O 9. Nge2 axb5 10. Bxb5 Bd7 11. Bc4 Na6 12. O-O Qb6 13. Rb1 Rfb8 14. a3
Nc7 15. Qd3 Bb5 16. Nxb5 Nxb5 17. Bxb5 c4+ 18. Qe3 Qxb5 19. Nd4 Qa6 20. Bd2 Rb7
21. Bc3 Nd7 22. Nc6 Nb6 23. Bxg7 Kxg7 24. Rfc1 Qb5 25. h4 e5 26. h5 Nc8 27. h6+
Kg8 28. Qg5 Ne7 29. Qf6 Qc5+ 30. Kh2 Nxc6 31. Qh8+ 1-0

[Event "Detroit (MI Team/4/2/3)"]
[Site "?"]
[Date "1996.??.??"]
[Round "?"]
[White "Fuller, William"]
[Black "Smith, Mike A"]
[Result "1-0"]
[WhiteElo "2040"]
[BlackElo "1940"]
[PlyCount "56"]
[EventDate "1996.??.??"]

{4/2} 1. d4 Nf6 2. Nf3 c5 3. d5 g6 4. Nc3 Bg7 5. g3 d6 6. Bg2 O-O 7. O-O Qa5 8.
a4 Nbd7 9. Bd2 e6 10. e4 Qb4 11. Re1 Qxb2 12. Rb1 Qa3 13. Rb3 Qxb3 14. cxb3 a6
15. dxe6 fxe6 16. Bg5 Rb8 17. Qxd6 Ne8 18. Qxe6+ Kh8 19. Nd5 Ne5 20. Qe7 Nxf3+
21. Bxf3 Rxf3 22. Qxe8+ Rf8 23. Qe7 Bh3 24. Bf6 Rg8 25. e5 Rbe8 26. Bxg7+ Rxg7
27. Qxe8+ Rg8 28. Qf7 Rg7 1-0

[Event "Howell (US Am N/6/2)"]
[Site "?"]
[Date "1996.??.??"]
[Round "?"]
[White "Fuller, William"]
[Black "Smith, Michael R"]
[Result "1-0"]
[WhiteElo "2040"]
[BlackElo "2020"]
[PlyCount "77"]
[EventDate "1996.??.??"]

{6/(2)} 1. d4 Nf6 2. Bg5 d5 3. Nf3 Nbd7 4. e3 h6 5. Bh4 g6 6. c4 c6 7. Nc3 Bg7
8. cxd5 Nxd5 9. Bc4 N5b6 10. Qb3 O-O 11. O-O Qe8 12. a4 Nf6 13. Ne5 Kh7 14. a5
Nbd7 15. Bg3 Nxe5 16. Bxe5 Nd7 17. Bxg7 Kxg7 18. d5 Nf6 19. e4 e5 20. dxe6 Bxe6
21. e5 Nd7 22. f4 Rd8 23. Bxe6 Qxe6 24. Qc2 Qe7 25. Ra4 Qc5+ 26. Kh1 b5 27.
axb6 axb6 28. Re4 Rfe8 29. b4 Qf8 30. Rfe1 c5 31. Nb5 f5 32. R4e2 Nb8 33. Nd6
Rxd6 34. exd6 Rxe2 35. Qxe2 Qxd6 36. bxc5 bxc5 37. Qe7+ Qxe7 38. Rxe7+ Kf6 39.
Rb7 1-0

[Event "Howell (US Am N/4/6)"]
[Site "?"]
[Date "1996.??.??"]
[Round "?"]
[White "Fuller, William"]
[Black "McCarter, Robert"]
[Result "1-0"]
[WhiteElo "2040"]
[BlackElo "1815"]
[PlyCount "109"]
[EventDate "1996.??.??"]

{4/(6)} 1. d4 Nf6 2. Nf3 b6 3. Bg5 e6 4. Nbd2 d5 5. e3 Be7 6. c3 O-O 7. Bd3
Nbd7 8. O-O Bb7 9. Ne5 c5 10. Qf3 h6 11. Bf4 Rc8 12. Rae1 cxd4 13. exd4 Nb8 14.
Ng4 Ba6 15. Bxa6 Nxa6 16. Nxf6+ Bxf6 17. Qg3 Bg5 18. Bxg5 hxg5 19. Nf3 Qf6 20.
Nxg5 Qg6 21. h4 Nc7 22. Re3 Rfe8 23. Rfe1 f6 24. Nxe6 Qxg3 25. fxg3 Nxe6 26.
Rxe6 Rxe6 27. Rxe6 Kf7 28. Rd6 Re8 29. Kf2 Re7 30. Rxd5 a6 31. Rd6 Rb7 32. Ke3
Ke7 33. Rc6 a5 34. b4 Kd7 35. d5 axb4 36. cxb4 b5 37. Kd4 Ra7 38. Rb6 Rxa2 39.
Rxb5 g5 40. hxg5 fxg5 41. Rb7+ Kd6 42. Rb6+ Kd7 43. Rg6 Rxg2 44. Rxg5 Rd2+ 45.
Kc5 Rc2+ 46. Kb6 Kd6 47. b5 Rb2 48. g4 Rb4 49. Rg8 Rd4 50. Kb7 Kc5 51. b6 Rxd5
52. Kc7 Kb5 53. b7 Rc5+ 54. Kd7 Rd5+ 55. Ke6 1-0

[Event "Detroit (MI Team/1/3/3)"]
[Site "?"]
[Date "1996.??.??"]
[Round "?"]
[White "Fuller, William"]
[Black "Mahabir, Naresh"]
[Result "1-0"]
[WhiteElo "2040"]
[BlackElo "1605"]
[PlyCount "80"]
[EventDate "1996.??.??"]

{1/3} 1. d4 d5 2. c4 c6 3. Nf3 Nf6 4. Nc3 Bg4 5. Ne5 Bf5 6. Qb3 Qb6 7. cxd5
Qxb3 8. axb3 cxd5 9. Nb5 Nc6 10. Nc7+ Kd8 11. Nxa8 Nxe5 12. dxe5 Ne4 13. Rxa7
Bc8 14. Nb6 e6 15. Nxc8 Kxc8 16. Ra8+ Kd7 17. Kd1 Nxf2+ 18. Kc2 Nxh1 19. Be3 g6
20. g3 Bg7 21. Rxh8 Bxh8 22. Bd4 f6 23. exf6 Ke8 24. Bg2 Nxg3 25. hxg3 Kf7 26.
e4 dxe4 27. Bxe4 Bxf6 28. Bxf6 Kxf6 29. Bxb7 h5 30. Bf3 Kf5 31. Kd3 e5 32. b4
Ke6 33. b5 Kd6 34. b6 Kd7 35. Ke4 Kc6 36. Kxe5+ Kxb6 37. Kf6 Kb5 38. Kxg6 Kb4
39. Bd1 Kc5 40. Kxh5 Kd6 1-0

[Event "Cadillac Open/2/6"]
[Site "?"]
[Date "1996.??.??"]
[Round "?"]
[White "Fuller, William"]
[Black "Johnston, Rowland"]
[Result "1-0"]
[WhiteElo "2160"]
[BlackElo "1780"]
[PlyCount "64"]
[EventDate "1996.??.??"]

{2/6} 1. e4 c6 2. d3 d5 3. Nd2 e5 4. Ngf3 Bd6 5. Qe2 Qe7 6. g3 Nf6 7. Bg2 O-O
8. O-O Re8 9. Re1 Nbd7 10. Nf1 d4 11. Bd2 Nf8 12. h3 Be6 13. Ng5 Qd7 14. Nxe6
Nxe6 15. h4 h5 16. Bh3 g6 17. f4 exf4 18. e5 Ng5 19. hxg5 Rxe5 20. Qf2 Rxg5 21.
Kh1 Nd5 22. Qxd4 Ne3 23. Nxe3 Rxg3 24. Bg2 fxe3 25. Bc3 f5 26. Rxe3 Rxe3 27.
Qxe3 Qe7 28. Qd4 Kh7 29. Re1 Qf6 30. Re6 Bc5 31. Qd7+ Kh6 32. Bd2+ f4 1-0

[Event "Jackson (Prison m)"]
[Site "?"]
[Date "1996.??.??"]
[Round "?"]
[White "Friesen, E."]
[Black "Murray, L."]
[Result "1-0"]
[WhiteElo "1605"]
[BlackElo "1605"]
[PlyCount "71"]
[EventDate "1996.??.??"]

{10/5} 1. c4 e5 2. Nc3 Nf6 3. Qc2 Nc6 4. Nf3 Bc5 5. h3 d6 6. d3 Be6 7. Bg5 h6
8. Bh4 g5 9. Bg3 Nh5 10. Bh2 Qf6 11. e3 O-O-O 12. a3 d5 13. b4 Be7 14. b5 Nd4
15. exd4 exd4 16. Be5 Qf5 17. Bxh8 Rxh8 18. Na4 dxc4 19. Nxd4 Qe5+ 20. Be2 Qxd4
21. Rc1 Nf4 22. O-O Nxh3+ 23. gxh3 Bxh3 24. Rfd1 Bd6 25. Qb2 Qf4 26. Qxh8+ Kd7
27. Nc5+ Bxc5 28. dxc4+ Bd6 29. Rxd6+ cxd6 30. Rc3 g4 31. Qg7 Kc7 32. c5 d5 33.
Qf8 Qe4 34. b6+ axb6 35. cxb6+ Kxb6 36. Qc5# 1-0

[Event "Eastpointe (EDO/3/9)"]
[Site "?"]
[Date "1996.??.??"]
[Round "?"]
[White "Friedman, J."]
[Black "Wozniak, J."]
[Result "1-0"]
[WhiteElo "1760"]
[BlackElo "1605"]
[PlyCount "89"]
[EventDate "1996.??.??"]

{3/(9)} 1. d4 Nf6 2. Nc3 g6 3. e4 d6 4. Bf4 Bg7 5. Nf3 O-O 6. Bc4 Bg4 7. h3
Bxf3 8. Qxf3 c6 9. O-O Nbd7 10. Rad1 Qc7 11. Qe3 e5 12. dxe5 Nxe5 13. Bb3 Rfe8
14. Rfe1 Rad8 15. Bg5 Rc8 16. Qf4 Nfd7 17. Ne2 Nc5 18. Ng3 Nxb3 19. axb3 Rf8
20. Bh6 f6 21. Bxg7 Kxg7 22. h4 d5 23. exd5 cxd5 24. c3 Rcd8 25. h5 Qb6 26.
hxg6 hxg6 27. b4 Rd7 28. Qd4 Nc4 29. Qg4 Qb5 30. Nf5+ Kf7 31. Qh4 Ne5 32. Qh7+
Ke8 33. Qxg6+ Kd8 34. Qh6 Rff7 35. Nd4 Qb6 36. Qh8+ Kc7 37. Qe8 Rfe7 38. Qf8 a6
39. b5 Ng6 40. Qh6 Rxe1+ 41. Rxe1 Ne7 42. Re6 Qc5 43. b6+ Kb8 44. Qf8+ Qc8 45.
Qxf6 1-0

[Event "Eastpointe (EDO/1/17)"]
[Site "?"]
[Date "1996.??.??"]
[Round "?"]
[White "Friedman, J."]
[Black "Melton, J."]
[Result "1-0"]
[WhiteElo "1760"]
[BlackElo "1605"]
[PlyCount "119"]
[EventDate "1996.??.??"]

{1/(17)} 1. d4 d5 2. Nc3 e6 3. Nf3 c5 4. dxc5 Bxc5 5. Bf4 Nc6 6. e3 a6 7. Be2
Nge7 8. O-O Ng6 9. Bg3 h5 10. h3 Nce7 11. Ne5 Bd6 12. Nxg6 Nxg6 13. Bxd6 Qxd6
14. Bxh5 Nh4 15. Qg4 g6 16. Qxh4 Rxh5 17. Qf6 Qf8 18. Ne2 Qh8 19. Qxh8+ Rxh8
20. Rad1 Bd7 21. Rd4 Ke7 22. e4 Bc6 23. exd5 Bxd5 24. Rfd1 g5 25. c4 Bc6 26.
Ng3 Rag8 27. Re1 Kf8 28. Re5 g4 29. hxg4 Rh7 30. Rd8+ Be8 31. Nh5 Rh6 32. f3
Ke7 33. Rb8 f6 34. Rxb7+ Bd7 35. Rc5 f5 36. Rcc7 Rd8 37. c5 Ke8 38. c6 Bc8 39.
Ng7+ Kf8 40. Rf7+ Kg8 41. Rbe7 fxg4 42. fxg4 e5 43. Nf5 Rg6 44. Rg7+ Rxg7 45.
Rxg7+ Kh8 46. Re7 Bxf5 47. gxf5 Rc8 48. c7 Kg8 49. Rd7 Rf8 50. Rd8 e4 51. Rxf8+
Kxf8 52. c8=Q+ Kf7 53. Qe6+ Kf8 54. g4 e3 55. f6 e2 56. Qxe2 a5 57. g5 a4 58.
Qe7+ Kg8 59. g6 a3 60. Qe8# 1-0

[Event "Eastpointe (EDO/4/11)"]
[Site "?"]
[Date "1996.??.??"]
[Round "?"]
[White "Friedman, J."]
[Black "Jamssens, M."]
[Result "1-0"]
[WhiteElo "1760"]
[BlackElo "1605"]
[PlyCount "63"]
[EventDate "1996.??.??"]

{4/(11)} 1. d4 e6 2. c4 d5 3. Nc3 Nf6 4. Bg5 Bb4 5. Qd3 Bxc3+ 6. Qxc3 Nbd7 7.
Nf3 h6 8. Bh4 c5 9. Ne5 g5 10. Bg3 Ne4 11. Qa3 Nxg3 12. hxg3 Nxe5 13. dxe5 b6
14. O-O-O Bb7 15. e3 a5 16. Qa4+ Kf8 17. cxd5 exd5 18. Bb5 Qe7 19. f4 Rd8 20.
Qa3 d4 21. Qd3 Bxg2 22. Rh2 Bf3 23. Rdd2 Bg4 24. e4 Kg7 25. Bc4 Rd7 26. Qb3 Rb7
27. Bd5 Rbb8 28. Bc6 Rhc8 29. Bd5 Rc7 30. Rdf2 Rf8 31. Qxb6 a4 32. Qxh6+ 1-0

[Event "Detroit (MI Action/5/18)"]
[Site "?"]
[Date "1996.??.??"]
[Round "?"]
[White "Frelander, Marc"]
[Black "Hooker, Larry"]
[Result "0-1"]
[WhiteElo "1605"]
[BlackElo "1605"]
[PlyCount "42"]
[EventDate "1996.??.??"]

{5/(18)} 1. e4 e5 2. Bc4 Nf6 3. Qf3 Bc5 4. g4 O-O 5. g5 Ne8 6. Nh3 Nd6 7. d3
Nxc4 8. dxc4 Nc6 9. Rg1 g6 10. Qg3 d6 11. b3 Bd4 12. Qf3 Bxa1 13. Nd2 Nd4 14.
Qf6 Qxf6 15. gxf6 Bc3 16. Rg3 Bxd2+ 17. Bxd2 Nxc2+ 18. Kd1 Nd4 19. Ng5 h6 20.
Nh3 Bxh3 21. Rxh3 h5 {[Remainder illegible; 0-1, 51?]} 0-1

[Event "Detroit (MI Action/3/6)"]
[Site "?"]
[Date "1996.??.??"]
[Round "?"]
[White "Frelander, Marc"]
[Black "Hill, Brad"]
[Result "0-1"]
[WhiteElo "1605"]
[BlackElo "1745"]
[PlyCount "58"]
[EventDate "1996.??.??"]

{3/(6)} 1. e4 c5 2. d4 cxd4 3. Qxd4 Nc6 4. Qe3 d6 5. Nf3 Nf6 6. Nc3 g6 7. Qd3
Bg7 8. e5 dxe5 9. a4 Bf5 10. Qe3 O-O 11. Nxe5 Nb4 12. Ra2 Nxc2+ 13. Ke2 Nxe3
14. fxe3 Ng4 15. Nf3 Qc7 16. h3 Bxc3 17. hxg4 Qc4+ 18. Kf2 Qxa2 19. Bd2 Qxb2
20. gxf5 Bxd2 21. Nxd2 Qxd2+ 22. Be2 Rad8 23. Rd1 Qc2 24. Rxd8 Rxd8 25. e4 Rd2
26. g4 Rxe2+ 27. Kf3 Rg2 28. Kf4 f6 29. fxg6 Qf2# 0-1

[Event "Detroit (MI Action/1/19)"]
[Site "?"]
[Date "1996.??.??"]
[Round "?"]
[White "Frelander, Marc"]
[Black "Fleshman, Justin"]
[Result "1/2-1/2"]
[WhiteElo "1605"]
[BlackElo "1605"]
[PlyCount "68"]
[EventDate "1996.??.??"]

{1/(19)} 1. e4 e5 2. Nf3 Nc6 3. d4 d6 4. d5 Nce7 5. Bg5 h6 6. Bxe7 Bxe7 7. Nc3
Nf6 8. a4 O-O 9. Qd2 c6 10. Rg1 cxd5 11. exd5 Qb6 12. a5 Qxb2 13. Ra4 Bf5 14.
g4 Bxg4 15. Rgxg4 Nxg4 16. Rxg4 Qa1+ 17. Nd1 g5 18. Bd3 f5 19. Rb4 Qxa5 20.
Rxb7 Qxd5 21. Rxe7 Qxf3 22. Bc4+ Kh8 23. Qxd6 Qe4+ 24. Ne3 Qh1+ 25. Nf1 Qe4+
26. Ne3 Qh1+ 27. Kd2 Qxh2 28. Qg6 Qxf2+ 29. Kd3 Rad8+ 30. Bd5 e4+ 31. Kd4 Qd2+
32. Kc4 Rc8+ 33. Bc6 Qe2+ 34. Kc3 Qxe3+ 1/2-1/2

[Event "Howell (US Am N/2/32)"]
[Site "?"]
[Date "1996.??.??"]
[Round "?"]
[White "Fredenburg, Jeff"]
[Black "Tack, K."]
[Result "1-0"]
[WhiteElo "1605"]
[BlackElo "1605"]
[PlyCount "73"]
[EventDate "1996.??.??"]

{2/(32)} 1. d4 d5 2. c4 e6 3. Nc3 Nf6 4. Bg5 Nbd7 5. e3 Be7 6. Nf3 O-O 7. Rc1
c6 8. Bd3 dxc4 9. Bxc4 Qb6 10. Qc2 Re8 11. O-O Qc7 12. Bd3 h6 13. Bxf6 Nxf6 14.
Rfd1 Bd7 15. a3 a6 16. Na4 Rac8 17. h3 Bd6 18. b4 e5 19. dxe5 Bxe5 20. Nxe5
Rxe5 21. Nc5 Rce8 22. Nxd7 Nxd7 23. Rd2 Nf6 24. Rcd1 R5e7 25. Bc4 Qe5 26. Rd4
Kf8 27. Be2 g5 28. Rd8 Kg7 29. R8d4 h5 30. Rc4 Rb8 31. Rc5 Nd5 32. Bc4 b6 33.
Rxc6 Nf6 34. Bb3 Ne4 35. Rd5 Qa1+ 36. Qd1 Qb2 37. Bc2 1-0